01118cam a2200253 a 450000100060000000300080000600500170001400800410003102000150007203500190008704000500010604100080015608200150016410000500017924501200022926000650034930000230041450001500043765000410058765000430062870001030067174000570077483000330083123798BD-RjUL20211209000955.0140311r19701958enk b 000 0deng d a0460030086 a(BD-RjUL)23863 aWisconsin. Univ. LibrcSNNdSERdBD-RjULbeng aeng a928.2bBRE1 aBrowning, D. C.q(David Clayton),d1894-1978.10aEveryman's dictionary of literary biography :bEnglish & American /ccompiled after John W. Cousin by D.C. Browning aLondon ;bDent ;aNew York :bDutton,c1958 [reprinted 1970] ax, 812 p. ;c20 cm a"Superseding the Biographical dictionary of English literature compiled by John W. Cousin ... this ... is for all practical purposes a new work." 0aEnglish literaturevBio-bibliography 0aAmerican literaturevBio-bibliography.1 aCousin, John W.q(John William),d1849-1910.tShort biographical dictionary of English literature.0 aDictionary of literary biography, English & American 0aEveryman's reference library